The thrill of flying solo (Record no. 70025)

MARC details
000 -LEADER
fixed length control field 00989cam a2200229 4500
001 - CONTROL NUMBER
control field ABS65434
008 - FIXED-LENGTH DATA ELEMENTS--GENERAL INFORMATION
fixed length control field 020419n2002 000 0 eng u
035 ## - SYSTEM CONTROL NUMBER
System control number (Sirsi) u117599
100 ## - MAIN ENTRY--PERSONAL NAME
Personal name Ellison, W
245 #4 - TITLE STATEMENT
Title The thrill of flying solo
260 ## - PUBLICATION, DISTRIBUTION, ETC.
Date of publication, distribution, etc. 2002
490 ## - SERIES STATEMENT
Series statement Estates Gazette
Volume/sequential designation (0214) 6 April 2002, 109(1)
520 ## - SUMMARY, ETC.
Summary, etc. Discusses the pros and cons of surveyors leaving a large firm to set up on their own. Provides advice from surveyors who have made the leap. Most agree it is hard work and a potentially risky move, but can be very rewarding. Keys to success include being confident enough to establish good client relationships, having plenty of enthusiasm, sticking to a familiar market, and keeping start-up costs low.
590 ## - LOCAL NOTE (RLIN)
Local note ABS
650 ## - SUBJECT ADDED ENTRY--TOPICAL TERM
Topical term or geographic name entry element SURVEYORS
650 ## - SUBJECT ADDED ENTRY--TOPICAL TERM
Topical term or geographic name entry element SETTING UP IN PRACTICE
650 ## - SUBJECT ADDED ENTRY--TOPICAL TERM
Topical term or geographic name entry element MANAGEMENT-BUSINESS MANAGEMENT
650 ## - SUBJECT ADDED ENTRY--TOPICAL TERM
Topical term or geographic name entry element STARTING UP IN BUSINESS
650 ## - SUBJECT ADDED ENTRY--TOPICAL TERM
Topical term or geographic name entry element SURVEYING
690 ## - LOCAL SUBJECT ADDED ENTRY--TOPICAL TERM (OCLC, RLIN)
Topical term or geographic name as entry element PROFESSIONAL PRACTICE
942 ## - ADDED ENTRY ELEMENTS (KOHA)
Suppress in OPAC 0
Holdings
Withdrawn status Lost status Source of classification or shelving scheme Damaged status Not for loan Home library Current library Shelving location Date acquired Total Checkouts Full call number Barcode Date last seen Copy number Price effective from Koha item type
    Dewey Decimal Classification     London London Journal article 19/04/2002   ABS65434 117599-1001 06/08/2019 1 06/08/2019 Journal article